00660nam a2200217 i 450000100060000000300090000600500170001500700030003200800410003502000180007608000240009410000220011824500940014025000120023426000390024630000300028549000320031570000300034783000320037785200330040982251ES-MaACL20250827041600.0t|041209s1997 sp ||||1| spa d a84-406-7982-3 a821.111(73)-992"19"1 aKaplan, Robert D.10aViaje a los confines de la Tierra / cRobert D. Kaplan ; [traducción Joaquín Adsuar]. a1ª ed. aBarcelona : bEdiciones B, c1997. a667 p. : bil. ; c19 cm.1 aBiblioteca Grandes viajeros1 aAdsuar Ortega, Joaquín.00aBiblioteca grandes viajeros aES-MaACLjE-10553 bR.134717